[Event "EIRCC 2019"]
[Site "Tallinn"]
[Date "2019.12.05"]
[Round "5.18"]
[White "Turov, Maxim"]
[Black "Martynov, Roman"]
[Result "1-0"]
[WhiteElo "2647"]
[BlackElo "2269"]
[Annotator "TA"]
[PlyCount "110"]
[EventDate "2019.12.05"]
[EventType "swiss"]
[EventCountry "EST"]
[SourceTitle "playchess.com"]
[Source "ChessBase"]
[SourceQuality "1"]

{[%evp 17,110,18,18,19,42,25,24,10,13,13,21,-36,-12,-50,32,0,3,8,62,64,81,66,80,91,87,84,88,86,175,61,280,115,286,87,197,0,28,0,0,0,0,0,0,0,0,0,61,11,89,86,104,98,102,98,115,113,109,106,119,58,110,73,89,74,79,47,68,67,99,98,80,69,98,86,154,154,154,154,154,154,154,149,151,132,247,188,216,204,210,187,347,335,429,415,520]} 1. d4 Nf6 2. Nf3 e6 3. c4 b6 4. g3 Ba6 5. Qa4 Bb7 6. Bg2 c5 7. dxc5 Bxc5 8. O-O O-O 9. Nc3 a6 10. Bf4 {E15: Queen's Indian: 4 g3 sidelines, 4 g3 Ba6 and 4 g3 Bb7 early deviations} Be7 11. Rfd1 d6 12. Rd2 {White has an edge.} (12. Qa3 Ne8 13. b4 Nd7 14. Qb3 Qb8 15. Rd2 h6 16. Rad1 Qa7 17. Qa4 Ndf6 18. Nd4 {1-0 (66) Mamedyarov,S (2752)-Karjakin,S (2732) Baku 2008}) 12... Qc7 13. Rad1 {[%cal Rd2d6]} Rd8 14. h3 (14. Ng5 $11) 14... h6 15. g4 $146 ({Predecessor:} 15. a3 Nh5 16. Be3 Nd7 17. Qb3 Rac8 18. Na4 Nc5 19. Nxc5 bxc5 20. Qc2 Nf6 21. Ne1 Bxg2 22. Nxg2 d5 23. cxd5 Nxd5 24. Bf4 Nxf4 {½-½ (24) Mitbreit,D (2345)-Csonkics,T (2320) Budapest 1994}) 15... e5 (15... Nc6 $15) 16. Bg3 Nbd7 17. Nh4 Nc5 (17... g6 $11) 18. Qc2 $1 $14 Bxg2 19. Nxg2 Qb7 20. Bh4 g5 21. Bg3 b5 22. Ne3 bxc4 (22... Nce4 $16) 23. Nxc4 (23. Nf5 $18) 23... Nfe4 $2 {[#]} (23... Rac8 $1 $14) 24. Nxe4 (24. Na5 $1 $18 {[%cal Ra5b7]} Qb6 25. Nxe4 Qxa5 26. Nxd6 Bxd6 27. Rxd6) 24... Nxe4 $2 {[#]} (24... Qxe4 $16 25. Ne3 Qxc2 26. Rxc2 Ne4) 25. Rd5 $2 (25. Na5 $1 $18 {[%cal Ra5b7] is the precise move to win.} Qb5 26. Rd5 (26. Qxe4 Qxa5 27. b3 Rac8 $14)) 25... Nf6 (25... Nxg3 $16 {was worth a try.} 26. fxg3 a5) 26. R5d2 $2 (26. Nxd6 $18 Bxd6 27. Rxd6 Rxd6 28. Rxd6) 26... Rac8 27. Qa4 Ne4 28. Rd5 {aiming for Na5.} Nf6 29. R5d3 (29. Nxd6 $2 Bxd6 30. R5d3 Ne4 $19) 29... Ne4 30. Rd5 {Threatens to win with Na5.} Nf6 31. Ra5 ({Wrong is} 31. Nxd6 $2 Bxd6 32. R5d3 Ne4 $19) 31... Qc6 ({Black should play} 31... h5 $11) 32. b3 (32. Ne3 {is more complex.} Qb7 33. Nf5 Bf8 34. Qb3 Qxb3 35. axb3 Ne4 36. Bh2) 32... Qxa4 (32... Ne4 $1 $11 33. Qxc6 Rxc6) 33. Rxa4 $16 Rc6 34. f3 Rdc8 35. Bf2 Nd7 36. Ra5 Nf6 37. e4 Ne8 38. Rad5 (38. Nb6 $16 Rb8 39. Nd5 (39. Rxa6 Bd8 $14)) 38... f6 ({Better is} 38... Nc7 $14) 39. Bb6 Kf7 40. Kf2 Ke6 41. R5d3 Rb8 42. Ba5 (42. Ba7 {feels hotter.} Rbc8 43. Be3 Ng7 44. h4 h5 45. Rh1) 42... Bd8 {Threatening ...Rxc4.} 43. Bxd8 (43. Be1 {keeps more tension.} Bb6+ 44. Kg3 Bd4 45. Bf2 Bxf2+ 46. Kxf2 Rd8 47. Ne3) 43... Rxd8 44. Ne3 $36 {[%mdl 2048] White is more active.} Ng7 45. h4 Rdc8 (45... gxh4 $142 46. Rh1 Kf7) 46. h5 Rb8 47. Rd5 Rbc8 48. Ke2 Rb8 49. Ra5 Rbc8 50. Ra4 Rb6 (50... Kd7 $16) 51. Rc4 Rxc4 52. Nxc4 ({Not} 52. bxc4 a5 $14) 52... Rc6 53. Ne3 Rc5 $2 (53... Kd7 {is a better defense.} 54. Nd5 Ke6) 54. Kd2 $18 Ne8 55. Rc1 Ra5 {Accuracy: White = 39%, Black = 28%.} 1-0

[Event "EIRCC 2019"]
[Site "Tallinn"]
[Date "2019.12.05"]
[Round "5.19"]
[White "Guseinov, Gadir"]
[Black "Rocha, Sergio"]
[Result "1-0"]
[WhiteElo "2691"]
[BlackElo "2249"]
[Annotator "TA"]
[PlyCount "27"]
[EventDate "2019.12.05"]
[EventType "swiss"]
[EventCountry "EST"]
[SourceTitle "playchess.com"]
[Source "ChessBase"]
[SourceQuality "1"]

{[%evp 9,27,5,19,22,127,116,324,314,501,508,496,506,579,588,574,558,571,565,565,579]} 1. e4 g6 2. d4 Bg7 3. Nc3 d5 4. Be3 (4. e5 c5 5. dxc5 d4 6. Nb5 Nc6 7. Nf3 Bg4 8. Nbxd4 Qa5+ 9. c3 Rd8 10. Bb5 Bxe5 11. Qa4 Qxa4 12. Bxa4 Bxf3 13. Nxf3 {1-0 (75) Alekseenko,K (2637)-Tomczak,J (2631) chess.com INT 2019}) 4... dxe4 5. Nxe4 Nd7 6. Nf3 {B06: Modern Defence} b6 $146 {[#]} (6... Ngf6 $11 7. Nxf6+ Nxf6) ({Predecessor:} 6... Ngf6 7. Ng3 O-O 8. Bc4 Nb6 9. Bb3 Nbd5 10. O-O b6 11. Ne5 Bb7 {0-1 (31) Stitterich,N (2027)-Kiefhaber,V (2214) Germany 2014}) 7. Bc4 $1 $16 Ngf6 $2 (7... Ndf6 $16 {is a better defense.}) 8. Neg5 $18 {White has a decisive advantage.} O-O (8... e6 $142 9. d5 Nc5) 9. Nxf7 {White is clearly winning.} Rxf7 10. Ng5 {[%mdl 64] Pin} Bb7 11. Bxf7+ Kh8 12. Be6 {[#] And now Nf7+ would win.} Qb8 13. Nf7+ Kg8 14. Ne5+ 1-0

[Event "EIRCC 2019"]
[Site "Tallinn"]
[Date "2019.12.05"]
[Round "5.20"]
[White "Mamedov, Rauf"]
[Black "Askerov, Marat"]
[Result "1-0"]
[WhiteElo "2679"]
[BlackElo "2243"]
[Annotator "ChessBase"]
[PlyCount "115"]
[EventDate "2019.12.05"]
[EventType "swiss"]
[EventCountry "EST"]
[SourceTitle "playchess.com"]
[Source "ChessBase"]
[SourceQuality "1"]
[TimeControl "900+10"]

1. e4 {[%emt 0:01:02]} c6 {[%emt 0:00:00]} 2. Ne2 {[%emt 0:00:04]} d5 {[%emt 0:01:12]} 3. e5 {[%emt 0:00:01]} Bf5 {[%emt 0:00:32]} 4. Ng3 {[%emt 0:00:02]} Bg6 {[%emt 0:00:29]} 5. h4 {[%emt 0:00:01]} h5 {[%emt 0:00:12]} 6. Be2 {[%emt 0:00:11]} e6 {[%emt 0:00:09]} 7. d4 {[%emt 0:00:02]} Be7 {[%emt 0:00:27]} 8. Nxh5 {[%emt 0:00:23]} Bxh5 {[%emt 0:00:04]} 9. Bxh5 {[%emt 0:00:01]} g6 {[%emt 0:00:07]} 10. Be2 {[%emt 0:00:21]} Rxh4 {[%emt 0:00:02]} 11. Rxh4 {[%emt 0:00:01]} Bxh4 {[%emt 0:00:02]} 12. Nd2 {[%emt 0:00:07]} Bg5 {[%emt 0:01:30]} 13. Nf3 {[%emt 0:00:07]} Bxc1 {[%emt 0:00:04]} 14. Qxc1 {[%emt 0:00:02]} Nd7 {[%emt 0:00:04]} 15. Qf4 {[%emt 0:00:05]} Qe7 {[%emt 0:01:10]} 16. O-O-O {[%emt 0:00:19]} O-O-O {[%emt 0:01:03]} 17. Rh1 {[%emt 0:00:02]} f6 {[%emt 0:00:14]} 18. exf6 {[%emt 0:01:00]} Ngxf6 {[%emt 0:00:02]} 19. Bd3 {[%emt 0:00:02]} Rg8 {[%emt 0:01:00]} 20. Re1 {[%emt 0:00:03]} g5 {[%emt 0:00:41]} 21. Qe3 {[%emt 0:00:04]} Ng4 {[%emt 0:00:45]} 22. Qxe6 {[%emt 0:00:45]} Qxe6 {[%emt 0:00:06]} 23. Rxe6 {[%emt 0:00:01]} Nxf2 {[%emt 0:00:08]} 24. Bf5 {[%emt 0:00:01]} g4 {[%emt 0:05:03]} 25. Nh4 {[%emt 0:00:33]} Rg7 {[%emt 0:01:07]} 26. g3 {[%emt 0:04:51]} Kd8 {[%emt 0:01:06]} 27. Kd2 {[%emt 0:00:25]} Nh1 {[%emt 0:00:31]} 28. Re3 {[%emt 0:00:02]} Re7 {[%emt 0:00:08]} 29. Rd3 {[%emt 0:03:20]} Nf6 {[%emt 0:00:21]} 30. Ng6 {[%emt 0:00:01]} Ne4+ {[%emt 0:00:16]} 31. Bxe4 {[%emt 0:00:02]} Rxe4 {[%emt 0:00:02]} 32. c3 {[%emt 0:00:03]} Kd7 {[%emt 0:00:19]} 33. Nh4 {[%emt 0:01:48]} Ke6 {[%emt 0:00:18]} 34. Ng2 {[%emt 0:00:54]} Kf5 {[%emt 0:00:23]} 35. Ne3+ {[%emt 0:00:23]} Kg5 {[%emt 0:00:06]} 36. Nd1 {[%emt 0:00:01]} Re7 {[%emt 0:00:19]} 37. a4 {[%emt 0:02:26]} a5 {[%emt 0:00:06]} 38. b4 {[%emt 0:00:13]} b6 {[%emt 0:00:13]} 39. bxa5 {[%emt 0:00:28]} bxa5 {[%emt 0:00:01]} 40. c4 {[%emt 0:00:01]} dxc4 {[%emt 0:00:39]} 41. Rc3 {[%emt 0:00:01]} Rd7 {[%emt 0:00:07]} 42. Rxc4 {[%emt 0:00:24]} Nxg3 {[%emt 0:00:03]} 43. Ne3 {[%emt 0:00:01]} Kf4 {[%emt 0:00:18]} 44. Kd3 {[%emt 0:00:20]} Kf3 {[%emt 0:00:32]} 45. Rxc6 {[%emt 0:00:03]} Nh5 {[%emt 0:00:10]} 46. d5 {[%emt 0:00:54]} Nf4+ {[%emt 0:00:11]} 47. Kd4 {[%emt 0:00:01]} g3 {[%emt 0:00:13]} 48. Rf6 {[%emt 0:00:03]} Re7 {[%emt 0:00:08]} 49. Nf5 {[%emt 0:00:26]} Re4+ {[%emt 0:00:13]} 50. Kc5 {[%emt 0:00:01]} g2 {[%emt 0:00:12]} 51. Nh4+ {[%emt 0:00:03]} Kg4 {[%emt 0:00:05]} 52. Nxg2 {[%emt 0:00:05]} Nxg2 {[%emt 0:00:04]} 53. d6 {[%emt 0:00:01]} Nf4 {[%emt 0:00:18]} 54. d7 {[%emt 0:00:03]} Re5+ {[%emt 0:00:12]} 55. Kd6 {[%emt 0:00:33]} Rd5+ {[%emt 0:00:08]} 56. Kc6 {[%emt 0:00:02]} Rd4 {[%emt 0:00:08]} 57. Rd6 {[%emt 0:00:01]} Rc4+ {[%emt 0:00:14]} 58. Kb5 {[%emt 0:00:04]} 1-0

[Event "EIRCC 2019"]
[Site "Tallinn"]
[Date "2019.12.05"]
[Round "5.21"]
[White "Ziska, Helgi Dam"]
[Black "Kozak, Adam"]
[Result "0-1"]
[WhiteElo "2646"]
[BlackElo "2240"]
[Annotator "TA"]
[PlyCount "96"]
[EventDate "2019.12.05"]
[EventType "swiss"]
[EventCountry "EST"]
[SourceTitle "playchess.com"]
[Source "ChessBase"]
[SourceQuality "1"]

{[%evp 9,96,-16,0,0,0,0,0,0,0,0,0,-29,-32,-34,-14,-31,0,0,0,0,0,0,0,0,7,7,27,27,30,-30,-28,-36,-18,-24,0,-13,0,-21,-29,-145,-141,-145,-144,-133,-124,-111,-113,-247,-240,-245,-226,-314,-306,-307,-285,-300,-310,-337,-316,-402,-391,-494,-475,-604,-587,-588,-574,-577,-566,-709,-693,-868,-837,-1074,-1056,-1090,-1170,-2005,-2960,-29984,-29985,-29986,-29987,-29987,-29974,-29968,-29969,-29964,-29965]} 1. e4 e5 2. Nc3 Nf6 3. Bc4 Nc6 4. d3 Na5 5. Nge2 c6 6. a3 {C28: Vienna Game: 2...Nf6 3 Bc4 Nc6} (6. O-O Be7 7. a4 Nxc4 8. dxc4 d6 9. b3 O-O 10. Ng3 h6 11. h3 Be6 12. Qf3 Qa5 13. Rd1 Rfd8 14. Ba3 {½-½ (23) Vavulin,M (2604)-Movsesian,S (2679) Moscow 2017}) 6... Nxc4 7. dxc4 d6 8. O-O {The position is equal.} Be7 9. Qd3 O-O 10. Kh1 Be6 11. f4 exf4 12. Bxf4 Nd7 $146 ({Predecessor:} 12... Qa5 13. Nd4 Rad8 {0-1 (27) Izzat,K (2419)-Bjelobrk,I (2366) Canberra 2015}) 13. Nd4 Ne5 14. Nxe6 fxe6 15. Qh3 Qd7 16. Bxe5 {Rfd1 is the strong threat.} dxe5 17. Rfd1 Qc8 18. Ne2 Rf2 19. Qe3 (19. Rf1 $142 Rf6 20. Rxf6 Bxf6 21. Nc1) 19... Qf8 $11 20. b4 h6 {And now ...Bg5 would win.} 21. Kg1 $1 Rf7 22. Qg3 Rd8 23. Rxd8 Qxd8 24. Qd3 {[#]} (24. Rf1 $11) 24... Qxd3 $1 $17 25. cxd3 {[%mdl 4096] Endgame KRB-KRN} Bg5 26. h4 Be3+ 27. Kh2 Rf2 28. Ng1 (28. Ra2 $17) 28... Rd2 $19 29. Nf3 Rxd3 30. Kg3 Bd4 31. Ra2 Re3 32. Rd2 Rxa3 ({Don't take} 32... Rxe4 33. Rd3 $19) 33. Kg4 Re3 34. Kh3 Rxe4 35. Ra2 a6 {[%cal Ba7a6,Ba6b5,Bb5b4,Bb4b3][%mdl 32]} 36. b5 cxb5 37. cxb5 axb5 38. Ra8+ Kf7 39. Rb8 b6 40. Rb7+ Kf6 41. g4 b4 42. g5+ hxg5 43. Nxg5 Rf4 44. Nh7+ Kg6 {Black mates.} 45. Ng5 b3 46. Nxe6 Rf7 47. h5+ {[#]} Kf6 $1 48. Nxd4 Rxb7 {Accuracy: White = 47%, Black = 70%.} 0-1

[Event "EIRCC 2019"]
[Site "Tallinn"]
[Date "2019.12.05"]
[Round "5.22"]
[White "Meyer, Falko"]
[Black "Demidov, Mikhail"]
[Result "0-1"]
[WhiteElo "2248"]
[BlackElo "2635"]
[Annotator "TA"]
[PlyCount "64"]
[EventDate "2019.12.05"]
[EventType "swiss"]
[EventCountry "EST"]
[SourceTitle "playchess.com"]
[Source "ChessBase"]
[SourceQuality "1"]

{[%evp 9,64,45,42,42,53,6,16,-20,-17,-26,-25,-91,-69,-64,-75,-82,-72,-83,-70,-93,-98,-121,-93,-104,-108,-170,-81,-92,-52,-87,7,0,0,-7,-7,-72,-81,-277,-275,-305,-272,-321,-302,-337,-322,-368,-309,-515,-506,-497,-499,-658,-655,-937,-840,-981,-977]} 1. d4 g6 2. Nc3 Bg7 3. e4 a6 4. Be3 b5 (4... d6 5. Qd2 b5 6. f3 Nd7 7. a4 b4 8. Nd1 a5 9. c3 bxc3 10. bxc3 Ngf6 11. Bb5 O-O 12. Ne2 Bb7 13. O-O c6 14. Bd3 e5 15. Nf2 d5 16. Rab1 {0-1 (43) Savchenko,B (2562)-Sjugirov,S (2663) St Petersburg 2018}) 5. a3 Bb7 6. Qd2 {B06: Modern Defence} d6 7. h3 Nd7 8. Nf3 {The position is equal.} Ngf6 9. d5 c6 10. Be2 (10. dxc6 $1 $11 Bxc6 11. Bd3) 10... Nc5 $146 (10... O-O {looks sharper.} 11. h4 cxd5 12. exd5 Rc8 13. Bd4 Rxc3 14. bxc3 Bxd5 15. a4 Ne4) ({Predecessor:} 10... cxd5 11. exd5 Nb6 12. Bxb6 Qxb6 13. O-O {1-0 (47) Wagner Michel,A (2139)-Ianov,V (2324) Radebeul 2016}) 11. Bxc5 dxc5 12. dxc6 Qxd2+ 13. Nxd2 Bxc6 14. Bf3 {[#] Strongly threatening e5.} Nd7 15. Nb3 O-O-O 16. Na5 Ba8 17. Ke2 (17. O-O $17 {might work better.}) 17... c4 (17... Kc7 $19 {is more deadly.} 18. Rhd1 Kb6) 18. a4 $17 b4 19. Na2 {[#]} Bxb2 ({Better is} 19... Ne5 $1 $17 {And now ...Kc7 would win.} 20. Rab1 Kc7) 20. Rab1 $1 $11 {[%cal Rb1b2]} c3 $36 {[%mdl 2048] Black has good play.} 21. Nc4 Nc5 22. Nxb2 (22. Nxb4 $11 Rd4 23. Nxb2 cxb2 24. Rxb2) 22... cxb2 $17 23. Nxb4 $2 (23. Rxb2 $17 a5 24. Nxb4 axb4 25. Rxb4) 23... Nxa4 $19 24. Ke3 Rd6 25. Be2 a5 26. Nd3 Rb6 27. f3 Kc7 28. c3 $2 (28. Ne5) 28... Rhb8 {Black is clearly winning.} 29. Kd2 Bc6 30. Bd1 Rd8 31. Re1 Bb5 32. Re3 Nc5 {Accuracy: White = 24%, Black = 66%.} 0-1

[Event "EIRCC 2019"]
[Site "Tallinn"]
[Date "2019.12.05"]
[Round "5.23"]
[White "Postny, Evgeny"]
[Black "Nivala, Tuomas"]
[Result "1-0"]
[WhiteElo "2598"]
[BlackElo "2236"]
[Annotator "ChessBase"]
[PlyCount "55"]
[EventDate "2019.12.05"]
[EventType "swiss"]
[EventCountry "EST"]
[SourceTitle "playchess.com"]
[Source "ChessBase"]
[SourceQuality "1"]
[TimeControl "900+10"]

1. d4 {[%emt 0:00:00]} d5 {[%emt 0:00:00]} 2. c4 {[%emt 0:00:02]} e6 {[%emt 0:00:00]} 3. Nf3 {[%emt 0:00:02]} Nf6 {[%emt 0:00:11]} 4. g3 {[%emt 0:00:02]} dxc4 {[%emt 0:00:08]} 5. Bg2 {[%emt 0:00:03]} Bd7 {[%emt 0:00:27]} 6. Ne5 {[%emt 0:00:06]} Nc6 {[%emt 0:00:12]} 7. Nxc4 {[%emt 0:00:05]} Bb4+ {[%emt 0:01:20]} 8. Nc3 {[%emt 0:00:12]} O-O {[%emt 0:00:23]} 9. O-O {[%emt 0:00:05]} Rb8 {[%emt 0:01:24]} 10. a3 {[%emt 0:00:57]} b5 {[%emt 0:00:49]} 11. axb4 {[%emt 0:01:30]} bxc4 {[%emt 0:00:03]} 12. b5 {[%emt 0:00:03]} Nb4 {[%emt 0:00:52]} 13. Ra4 {[%emt 0:00:58]} Nbd5 {[%emt 0:01:52]} 14. e4 {[%emt 0:00:11]} Nxc3 {[%emt 0:00:16]} 15. bxc3 {[%emt 0:00:01]} Rb7 {[%emt 0:03:50]} 16. Bg5 {[%emt 0:01:16]} Bxb5 {[%emt 0:00:17]} 17. e5 {[%emt 0:00:22]} Bxa4 {[%emt 0:00:20]} 18. Qxa4 {[%emt 0:00:03]} Rb2 {[%emt 0:00:41]} 19. exf6 {[%emt 0:00:11]} gxf6 {[%emt 0:00:03]} 20. Bh6 {[%emt 0:00:02]} Re8 {[%emt 0:00:33]} 21. Qxc4 {[%emt 0:00:10]} Qd6 {[%emt 0:00:48]} 22. d5 {[%emt 0:00:20]} f5 {[%emt 0:00:16]} 23. dxe6 {[%emt 0:01:26]} Qxe6 {[%emt 0:00:52]} 24. Bd5 {[%emt 0:00:31]} Qxh6 {[%emt 0:00:10]} 25. Bxf7+ {[%emt 0:00:02]} Kf8 {[%emt 0:00:03]} 26. Bxe8 {[%emt 0:00:02]} Kxe8 {[%emt 0:00:02]} 27. Re1+ {[%emt 0:01:08]} Kd8 {[%emt 0:00:16]} 28. Qd5+ {[%emt 0:00:12]} 1-0

[Event "EIRCC 2019"]
[Site "Tallinn"]
[Date "2019.12.05"]
[Round "5.24"]
[White "Stocek, Jiri"]
[Black "Haitin, Ilja"]
[Result "1-0"]
[WhiteElo "2532"]
[BlackElo "2232"]
[Annotator "ChessBase"]
[PlyCount "99"]
[EventDate "2019.12.05"]
[EventType "swiss"]
[EventCountry "EST"]
[SourceTitle "playchess.com"]
[Source "ChessBase"]
[SourceQuality "1"]
[TimeControl "900+10"]

1. d4 {[%emt 0:00:00]} d5 {[%emt 0:00:00]} 2. c4 {[%emt 0:00:00]} dxc4 {[%emt 0:00:00]} 3. Nf3 {[%emt 0:00:00]} Nf6 {[%emt 0:00:00]} 4. Nc3 {[%emt 0:00:00]} c5 {[%emt 0:00:46]} 5. d5 {[%emt 0:00:04]} e6 {[%emt 0:00:01]} 6. e4 {[%emt 0:00:03]} exd5 {[%emt 0:00:01]} 7. e5 {[%emt 0:00:02]} Ne4 {[%emt 0:00:01]} 8. Qxd5 {[%emt 0:00:27]} Nxc3 {[%emt 0:00:18]} 9. Qxd8+ {[%emt 0:00:04]} Kxd8 {[%emt 0:00:01]} 10. bxc3 {[%emt 0:00:03]} Nc6 {[%emt 0:00:06]} 11. Bxc4 {[%emt 0:00:13]} Be6 {[%emt 0:00:02]} 12. Bxe6 {[%emt 0:00:14]} fxe6 {[%emt 0:00:00]} 13. Ng5 {[%emt 0:00:04]} Ke7 {[%emt 0:00:35]} 14. f4 {[%emt 0:00:13]} h6 {[%emt 0:01:29]} 15. Ne4 {[%emt 0:00:02]} Kf7 {[%emt 0:00:01]} 16. h4 {[%emt 0:00:28]} h5 {[%emt 0:00:07]} 17. Ng5+ {[%emt 0:00:17]} Ke7 {[%emt 0:00:14]} 18. Ke2 {[%emt 0:00:16]} Rd8 {[%emt 0:00:31]} 19. Be3 {[%emt 0:00:06]} b6 {[%emt 0:00:09]} 20. Rad1 {[%emt 0:00:12]} g6 {[%emt 0:01:00]} 21. Rxd8 {[%emt 0:01:49]} Nxd8 {[%emt 0:00:01]} 22. Rd1 {[%emt 0:00:20]} Bh6 {[%emt 0:01:16]} 23. Ne4 {[%emt 0:00:04]} Nf7 {[%emt 0:00:02]} 24. a4 {[%emt 0:00:16]} Rd8 {[%emt 0:00:34]} 25. Rb1 {[%emt 0:00:34]} Kd7 {[%emt 0:01:50]} 26. g4 {[%emt 0:00:45]} hxg4 {[%emt 0:00:50]} 27. Rg1 {[%emt 0:00:12]} Rh8 {[%emt 0:00:41]} 28. Rxg4 {[%emt 0:00:50]} Bf8 {[%emt 0:00:06]} 29. Bf2 {[%emt 0:01:06]} Rh6 {[%emt 0:02:52]} 30. Nf6+ {[%emt 0:00:12]} Kc6 {[%emt 0:00:01]} 31. c4 {[%emt 0:00:11]} Bg7 {[%emt 0:01:23]} 32. Ng8 {[%emt 0:03:56]} Rh8 {[%emt 0:01:09]} 33. Ne7+ {[%emt 0:00:03]} Kd7 {[%emt 0:00:03]} 34. Nxg6 {[%emt 0:00:03]} Rh7 {[%emt 0:01:43]} 35. Rg1 {[%emt 0:00:07]} Rh6 {[%emt 0:01:28]} 36. Kf3 {[%emt 0:00:29]} Ke8 {[%emt 0:00:15]} 37. Ke4 {[%emt 0:00:32]} Nd8 {[%emt 0:01:02]} 38. a5 {[%emt 0:00:39]} Kf7 {[%emt 0:00:06]} 39. axb6 {[%emt 0:00:10]} axb6 {[%emt 0:00:01]} 40. Ne7 {[%emt 0:00:40]} Kxe7 {[%emt 0:00:17]} 41. Rxg7+ {[%emt 0:00:03]} Nf7 {[%emt 0:00:04]} 42. Rg8 {[%emt 0:00:11]} Rh8 {[%emt 0:00:41]} 43. Rxh8 {[%emt 0:00:05]} Nxh8 {[%emt 0:00:01]} 44. h5 {[%emt 0:00:01]} Nf7 {[%emt 0:00:20]} 45. Bh4+ {[%emt 0:00:03]} Kf8 {[%emt 0:00:09]} 46. f5 {[%emt 0:00:06]} exf5+ {[%emt 0:00:05]} 47. Kxf5 {[%emt 0:00:02]} Kg7 {[%emt 0:00:17]} 48. Bg5 {[%emt 0:00:16]} Kh7 {[%emt 0:00:10]} 49. Kf6 {[%emt 0:00:07]} Nd8 {[%emt 0:00:09]} 50. e6 {[%emt 0:00:04]} 1-0

[Event "EIRCC 2019"]
[Site "Tallinn"]
[Date "2019.12.05"]
[Round "5.25"]
[White "Potapov, Pavel"]
[Black "Sysolyatin, Evgeny"]
[Result "1/2-1/2"]
[WhiteElo "2482"]
[BlackElo "2231"]
[Annotator "ChessBase"]
[PlyCount "111"]
[EventDate "2019.12.05"]
[EventType "swiss"]
[EventCountry "EST"]
[SourceTitle "playchess.com"]
[Source "ChessBase"]
[SourceQuality "1"]
[TimeControl "900+10"]

1. e4 {[%emt 0:00:00]} e5 {[%emt 0:00:00]} 2. Nf3 {[%emt 0:00:00]} Nc6 {[%emt 0:00:00]} 3. Bc4 {[%emt 0:00:00]} Bc5 {[%emt 0:00:00]} 4. c3 {[%emt 0:00:00]} Nf6 {[%emt 0:00:00]} 5. d4 {[%emt 0:00:01]} exd4 {[%emt 0:00:00]} 6. e5 {[%emt 0:00:01]} d5 {[%emt 0:00:39]} 7. Bb5 {[%emt 0:00:02]} Ne4 {[%emt 0:00:22]} 8. cxd4 {[%emt 0:00:02]} Bb4+ {[%emt 0:00:47]} 9. Bd2 {[%emt 0:00:02]} Bxd2+ {[%emt 0:04:16]} 10. Nbxd2 {[%emt 0:00:02]} Bd7 {[%emt 0:00:01]} 11. Bxc6 {[%emt 0:00:11]} Bxc6 {[%emt 0:00:07]} 12. O-O {[%emt 0:00:04]} O-O {[%emt 0:00:07]} 13. Rc1 {[%emt 0:00:22]} Nxd2 {[%emt 0:01:20]} 14. Qxd2 {[%emt 0:00:25]} Bd7 {[%emt 0:00:08]} 15. Qc3 {[%emt 0:00:17]} c6 {[%emt 0:00:02]} 16. Rfe1 {[%emt 0:00:04]} Bf5 {[%emt 0:00:13]} 17. Nd2 {[%emt 0:00:11]} f6 {[%emt 0:00:22]} 18. Nf1 {[%emt 0:00:37]} fxe5 {[%emt 0:00:02]} 19. Rxe5 {[%emt 0:00:05]} Qf6 {[%emt 0:00:07]} 20. Qe3 {[%emt 0:04:10]} Bg6 {[%emt 0:00:27]} 21. Nd2 {[%emt 0:00:52]} Qf4 {[%emt 0:01:56]} 22. g3 {[%emt 0:00:44]} Qxe3 {[%emt 0:00:02]} 23. Rxe3 {[%emt 0:00:02]} Rfe8 {[%emt 0:00:02]} 24. Rce1 {[%emt 0:00:10]} Rxe3 {[%emt 0:00:03]} 25. Rxe3 {[%emt 0:00:02]} Re8 {[%emt 0:00:01]} 26. Rxe8+ {[%emt 0:00:13]} Bxe8 {[%emt 0:00:01]} 27. f4 {[%emt 0:00:08]} Kf7 {[%emt 0:00:01]} 28. Kf2 {[%emt 0:00:04]} Ke6 {[%emt 0:00:01]} 29. g4 {[%emt 0:00:11]} b6 {[%emt 0:00:02]} 30. b4 {[%emt 0:00:19]} Kd6 {[%emt 0:00:01]} 31. Nb3 {[%emt 0:00:44]} h5 {[%emt 0:00:26]} 32. h3 {[%emt 0:00:05]} hxg4 {[%emt 0:00:02]} 33. hxg4 {[%emt 0:00:02]} Ke6 {[%emt 0:04:13]} 34. Kg3 {[%emt 0:00:16]} Kf6 {[%emt 0:00:15]} 35. f5 {[%emt 0:01:13]} g6 {[%emt 0:00:59]} 36. fxg6 {[%emt 0:00:11]} Bxg6 {[%emt 0:00:01]} 37. Kf4 {[%emt 0:00:21]} Bc2 {[%emt 0:00:01]} 38. Nd2 {[%emt 0:00:05]} Ke6 {[%emt 0:00:01]} 39. Nf1 {[%emt 0:01:09]} Bb1 {[%emt 0:00:13]} 40. a3 {[%emt 0:00:02]} Kd6 {[%emt 0:00:28]} 41. Ne3 {[%emt 0:04:12]} c5 {[%emt 0:00:03]} 42. Nf5+ {[%emt 0:01:08]} Bxf5 {[%emt 0:01:35]} 43. dxc5+ {[%emt 0:00:01]} bxc5 {[%emt 0:00:01]} 44. gxf5 {[%emt 0:00:23]} cxb4 {[%emt 0:02:29]} 45. axb4 {[%emt 0:00:01]} a6 {[%emt 0:00:18]} 46. Kg5 {[%emt 0:00:34]} d4 {[%emt 0:00:09]} 47. Kf4 {[%emt 0:00:17]} d3 {[%emt 0:00:11]} 48. Ke3 {[%emt 0:00:01]} Ke5 {[%emt 0:00:01]} 49. Kxd3 {[%emt 0:00:09]} Kxf5 {[%emt 0:00:00]} 50. Kd4 {[%emt 0:00:10]} Ke6 {[%emt 0:00:06]} 51. Kc5 {[%emt 0:00:09]} a5 {[%emt 0:00:03]} 52. bxa5 {[%emt 0:01:36]} Kd7 {[%emt 0:00:03]} 53. Kb6 {[%emt 0:00:10]} Kc8 {[%emt 0:00:00]} 54. a6 {[%emt 0:00:04]} Kb8 {[%emt 0:00:01]} 55. a7+ {[%emt 0:00:01]} Ka8 {[%emt 0:00:01]} 56. Ka6 {[%emt 0:00:00]} 1/2-1/2